Представление документа в формате RUSMARC

ПолеНазваниеЗначение
  Тип записи a
  Библиографический уровень a
001 Контрольный номер RU/CBS_UL/BASE/e9196f42fb7049588d98dbcce12b16dc
005 Дата корректировки 20260314133727.0
100 Данные общей обработки __
a Данные общей обработки 20260314 ||| 0rusy0189 ca
101 Язык документа 0_
a Язык текста rus
102 Страна публикации __
a Страна публикации RU
200 Заглавие и сведения об ответственности 1_
a Заглавие Митико Сёда. Японская Золушка
e Сведения, относящиеся к заглавию [о судьбе императрицы Японии ( с 1989 по 2019 гг.) Митико Сёда]
f Первые сведения об ответственности А. Перепелицина
300 Общие примечания __
a Общие примечания 16+
461 Уровень набора _0
1 2000
a Дарья. Биография
463 Уровень физической единицы _0
1 2000
a № 2
v С. 36-37 : фот.
1 2101
d 2026
1 001RU/CBS_UL/BASE/5745292b1ddd4125abeeaecd6b96289f
600 Персоналии _1
a Персоналии (Фамилия) Митико Сёда
606 Тематические рубрики 0_
a Основная рубрика Митико Сёда (1934)
610 Ключевые слова 0_
a Ключевые слова императрицы, императрицы Японии, императрицы японские, жёны императоров
686 Индексы других классификаций __
2 Код системы rubbk
a Классификационный индекс 63.3(5Япо)
700 Автор _1
a Фамилия Перепелицина
b Имя (инициалы) А.
801 Источник записи _0
a Страна RU
b Организация МБУК ЦБС г. Ульяновска
c Дата составления 20260314
g Правила каталогизации RCR
801 Источник записи _1
a Страна RU
b Организация МБУК ЦБС г. Ульяновска
c Дата составления 20260314
g Правила каталогизации RCR
901 Тип документа __
t Тип документа b
w Контрольный № источника RU/CBS_UL/BASE/5745292b1ddd4125abeeaecd6b96289f
909 Создатель записи __
a Создатель записи lib1